00695 2200265 4500001002100000005001500021035002000036007000300056040001600059100001700075245008400092250001200176300002500188020002200213041000800235082001000243084001600253260003200269650001100301700003500312850001000347008004100357990001600398990001500414INLIS00000000000258020260601021820 a0010-0220000431ta aSBUPADbind0 aHanum Safnas1 aMengejar Fajar /cHanum Safnas;penyunting, Hermawan H.Nugroho;ilustrasi, Wid NS a.-cet.2 aix,109 hlm. ;c20 cm a978-602-1647-04-2 bind a808.3 a808.3 HAN m a--Jakarta :bAnalisa,c2013 4aSastra0 apenyunting, Hermawan H.Nugroho aPUPAD260601 0  a059/Br/2013 a052/B/2013